000 00801nam a2200229 a 4500
005 20220820063439.0
008 030508s1990 mx r 000 0 spa d
020 _a8437006198
035 _aUPN01000123956
049 _aCG
050 4 _aGV361
_bK5.38
100 1 _aKirk, David
_935842
245 1 0 _aEducación física y currículum :
_bintroducción crítica /
_cDavid Kirk ; tr. José Devís Devís.
260 _aValencia, Esp. :
_bUniversitat de Valéncia,
_c1990.
300 _a180 p.
440 0 _aEducació.
_pEstudis ;
_v3
534 _pTraducción de:
_tPhisical education and curriculum estudy. A critical introduction
650 4 _aEducación física
_xPlanes y programas
_917139
650 7 _aActividades deportivas
_2
_9142
650 7 _aActividades recreativas
_2
_9147
905 _aLibro
999 _c96135
_d96135